| 000 | 00760cam a22002054a 4500 | ||
|---|---|---|---|
| 020 | _a1420091786 (hard back : alk. paper) | ||
| 020 | _a9781420091786 (hard back : alk. paper) | ||
| 082 | 0 | 0 |
_a690.24 _bRET _cM-38 , P-117 |
| 100 |
_aedited by Xilin Lu. _936345 |
||
| 245 | 0 | 0 |
_aRetrofitting design of building structures / _cedited by Xilin Lu. |
| 260 |
_a[China?] : _bScience Press ; _aBoca Raton, FL : _bCRC Press/Taylor & Francis Group, _cc2010. |
||
| 300 |
_avi, 168 p. : _bill. ; _c26 cm. |
||
| 500 | _aIncludes index. | ||
| 526 |
_a0 _b0 _c0 _d690_240000000000000_RET |
||
| 650 | 0 |
_aBuildings _xRemodeling for other use. _936346 |
|
| 650 | 0 |
_aMCE _9379 |
|
| 650 | 0 |
_aStructural analysis (Engineering) _9654 |
|
| 700 | 1 |
_aLu, Xilin. _936347 |
|
| 942 |
_2ddc _cBK |
||
| 999 |
_c541454 _d541454 |
||